| 000 | 02072nam a2200349 a 4500 | ||
|---|---|---|---|
| 008 | 120416s1996 ||||||||||||||||| || u | ||
| 020 | _a0521559138 | ||
| 020 | _a0521559138 | ||
| 050 | _aHB 135 Ant | ||
| 100 | _aAnthony, Martin | ||
| 245 | 1 | 0 | _aMathematics for economics and finance: methods and modeling |
| 260 |
_aCambridge: _bCambridge University Press _c1996 |
||
| 300 | _axvi, 394p.: ill. | ||
| 350 | _a0.00 | ||
| 500 | _aIncludes index. | ||
| 650 | 0 | _aMATHEMATICS--HANDBOOKS, MANUALS, ETC | |
| 650 | 0 | _aALGEBRAS, LINEAR | |
| 650 | _aCALCULUS--MATHEMATICS | ||
| 650 | _aFINANCE--MATHEMATICAL MODELS | ||
| 650 | 0 | _aECONOMICS, MATHEMATICAL | |
| 700 | _aBiggs, Norman | ||
| 856 | _uhttp://www.loc.gov/catdir/description/cam027/96001581.html | ||
| 856 | _uhttp://www.loc.gov/catdir/toc/cam026/96001581.html | ||
| 995 |
_aMAIN LIBRARY OPEN ACCESS _D0.00 _e40846 _FCBU-MAIN LIBRARY (Kitwe) _H2 _I20.00 _jHB 135 Ant _M6 _UAVAILABLE _y40846 _ZMain Library Open Access Collection |
||
| 995 |
_aMAIN LIBRARY OPEN ACCESS _D0.00 _e40868 _FCBU-MAIN LIBRARY (Kitwe) _H7 _I20.00 _jHB 135 Ant _UAVAILABLE _y40868 _ZMain Library Open Access Collection |
||
| 995 |
_aBINDERY (DAMAGED) _D0.00 _e729076 _FCBU-MAIN LIBRARY (Kitwe) _H8 _I20.00 _jHB 135 Ant _M1 _UDAMAGED _y021033 _ZMain Library Open Access Collection |
||
| 995 |
_aMAIN LIBRARY OPEN ACCESS _D0.00 _e735062 _FCBU-MAIN LIBRARY (Kitwe) _H1 _I20.00 _jHB 135 Ant _M5 _UAVAILABLE _y40866 _ZMain Library Open Access Collection |
||
| 995 |
_aMAIN LIBRARY OPEN ACCESS _D0.00 _e736418 _FCBU-MAIN LIBRARY (Kitwe) _H3 _I20.00 _jHB 135 Ant _M7 _UAVAILABLE _WApr 26, 2006 _y40845 _ZMain Library Open Access Collection |
||
| 995 |
_aANNEX COLLECTION (Main Library) _D0.00 _e729077 _FCBU-MAIN LIBRARY (Kitwe) _H6 _I20.00 _jHB 135 Ant _M2 _UAVAILABLE _y021034 _ZAnnex Low-Usage Collection |
||
| 995 |
_aSHORT LOAN BOOKS _D0.00 _e729079 _FCBU-MAIN LIBRARY (Kitwe) _H4 _I20.00 _jHB 135 Ant _M3 _UAVAILABLE _y021035 _ZShort Loan Collection |
||
| 995 |
_aSHORT LOAN BOOKS _D0.00 _e729078 _FCBU-MAIN LIBRARY (Kitwe) _H5 _I20.00 _jHB 135 Ant _M4 _UAVAILABLE _y021036 _ZShort Loan Collection |
||
| 999 |
_c82748 _d82748 |
||